The diplomatic correspondence of the United States of America (Registro nro. 61240)
[ vista simple ]
| 000 -ENCABEZADO | |
|---|---|
| Número de control [NR] | 00751nam a2200181Ia 4500 |
| 008 - DE LONGITUD FIJA DE DATOS DE ELEMENTOS - INFORMACIÓN GENERAL | |
| Elementos de longitud fija [NR] | 130821s1932 xxu gr eng |
| 040 ## - FUENTE DE CATALOGACION [NR] | |
| Agencia de catalogación original [NR] | Co-BoUCM |
| Idioma de catalogación [NR] | spa |
| 041 00 - CODIGO DE IDIOMA [R] | |
| Código de idioma para texto/pista de sonido o título separado [R] | Inglés |
| 110 2# - ASIENTO PRINCIPAL--NOMBRE CORPORATIVO [NR] | |
| Nombre corporativo o de jurisdicción como elemento de entrada [NR] | Estados Unidos. |
| Unidad subordinada [R] | Departamento de Estado |
| 245 14 - MENCION DE TITULO [NR] | |
| Título [NR] | The diplomatic correspondence of the United States of America |
| Mención de responsabilidad, etc. [NR] | Manning, William Ray Manning, William Ray |
| 260 ## - PUBLICACION, DISTRIBUCION, ETC. (PIE DE IMPRENTA) [R] | |
| Lugar de publicación, distribución, etc. [R] | Washington |
| Nombre del editor, distribuidor, etc. [R] | Carnegie Endowment for International Peace |
| Fecha de publicación, distribución, etc. [R] | 1932 |
| 300 ## - DESCRIPCION FISICA [R] | |
| Extensión [R] | 7 volúmenes |
| 651 #7 - ASIENTO SECUNDARIO DE MATERIA - NOMBRE GEOGRAFICO [R] | |
| Nombre geográfico [NR] | Estados Unidos |
| Geographic name following place entry element [OBSOLETE] | Relaciones internacionales |
| Subdivisión cronológica [R] | 1783-1865 |
| 9 (RLIN) | 7595 |
| 651 #7 - ASIENTO SECUNDARIO DE MATERIA - NOMBRE GEOGRAFICO [R] | |
| Nombre geográfico [NR] | Estados Unidos |
| Subdivisión general [R] | Política exterior |
| Subdivisión cronológica [R] | 1783-1865 |
| 9 (RLIN) | 7595 |
| 651 #7 - ASIENTO SECUNDARIO DE MATERIA - NOMBRE GEOGRAFICO [R] | |
| Nombre geográfico [NR] | Estados Unidos |
| Subdivisión general [R] | Política y gobierno |
| Subdivisión cronológica [R] | 1783-1865 |
| 9 (RLIN) | 7595 |
| 942 ## - ELEMENTOS DE ENTRADA AGREGADOS (KOHA) | |
| Tipo de ítem principal el descrito en 300a | Libro |
| Tema principal | Ciencia política |
| Edición | 1 |
| Parte restante de la signatura top. | D46 |
| Sistema de clasificación | DEWEY |
| Clasificación | 327.73 |
| Total préstamos | Signatura topográfica | Código de barras | Última vez visto | Volúmen / Fascículo | Ejemplar | Price effective from | Tipo de ítem | Perdido | Sistema de clasificación | Dañado | No prestable | Tipo de ítem específico | Suprimido | Ubicación habitual | Ubicación actual | Localización | Fecha de creación | Forma de adquisición | Costo |
|---|---|---|---|---|---|---|---|---|---|---|---|---|---|---|---|---|---|---|---|
| 327.73 D46 | 3000052 | 15/12/2012 | V.1 | Ej.1 | 03/02/2013 | Libro | DEWEY | Libro | Bib. Cavelier | Acavalier | 28/02/2013 | 0.00 | |||||||
| 327.73 D46 | 3000495 | 15/12/2012 | V.2 | Ej.1 | 03/02/2013 | Libro | DEWEY | Libro | Bib. Cavelier | Acavalier | 28/02/2013 | 0.00 | |||||||
| 327.73 D46 | 3000496 | 15/12/2012 | V.3 | Ej.1 | 03/02/2013 | Libro | DEWEY | Libro | Bib. Cavelier | Acavalier | 28/02/2013 | 0.00 | |||||||
| 327.73 D46 | 3000497 | 15/12/2012 | V.4 | Ej.1 | 03/02/2013 | Libro | DEWEY | Libro | Bib. Cavelier | Acavalier | 28/02/2013 | 0.00 | |||||||
| 327.73 D46 | 3000498 | 15/12/2012 | V.5 | Ej.1 | 03/02/2013 | Libro | DEWEY | Libro | Bib. Cavelier | Acavalier | 28/02/2013 | 0.00 | |||||||
| 327.73 D46 | 3000499 | 15/12/2012 | V.6 | Ej.1 | 03/02/2013 | Libro | DEWEY | Libro | Bib. Cavelier | Acavalier | 28/02/2013 | 0.00 |